| 000 | 00504nam a2200169Ia 4500 | ||
|---|---|---|---|
| 008 | 220531s9999 xx 000 0 und d | ||
| 041 | _aeng | ||
| 082 | _bSTA / DRI | ||
| 100 |
_aDrishti Stree Adhyayan Prabodhan Kendra _985637 |
||
| 245 | _aStatus of Women in India : Education , Employment & Health - Vol. I | ||
| 260 |
_aPune _bDrishti Abhyas Adhyayan Kendra _c2019 |
||
| 300 | _aXL11 | ||
| 542 | _d29-01-2020 | ||
| 650 |
_aSociology _985638 |
||
| 906 |
_d2019-2020 _f18383 |
||
| 999 |
_c47063 _d47063 |
||